000 00278nam a22001217a 4500
041 _aENG
100 _aYoussef .H.A
245 _aHachining Technology Machine Tools And Operations
260 _aDelhi
_bCRC Press
_c1998
300 _a631
650 _aFMP
856 _uFMP ( 16 )
999 _c1393
_d1393